000 00244nam a2200097Ia 4500
001 782844
005 20250826170211.0
008 250824s9999 xx 000 0 und d
245 0 _aBİLGE ÇEKİRGE
_cABDURRAHMAN KOÇ
260 _bAKVARYUM YAYINLARI
999 _c782844
_d782844